Catalog

Record Details

Catalog Search



Tattooed man trouble!  Cover Image Book Book

Tattooed man trouble! / written by Ivan Cohen ; illustrated by Luciano Vecchio ; colored by Gabe Eltaeb ; lettered by Saida Temofonte.

Cohen, Ivan, (author.). Vecchio, Luciano, (illustrator.). Eltaeb, Gabe. (Added Author). Temofonte, Saida. (Added Author).

Summary:

After Razer is injured in a battle, he reveals that his facial scars are really tattoos, and Hal recounts an adventure from his past when he faced the Tattooed Man.

Record details

  • ISBN: 9781434264800 (library binding)
  • ISBN: 1434264807 (library binding)
  • Physical Description: 24 pages : color illustrations ; 27 cm.
  • Publisher: North Mankato, Minnesota : Capstone Stone Arch Books, 2014.
Subject: Green Lantern (Fictitious character) > Comic books, strips, etc.
Superheroes > Comic books, strips, etc.
Supervillains > Comic books, strips, etc.
Tattooing > Comic books, strips, etc.
Green Lantern (Fictitious character) > Juvenile fiction.
Superheroes > Juvenile fiction.
Supervillains > Juvenile fiction.
Tattooing > Juvenile fiction.
Genre: Graphic novels.

Available copies

  • 1 of 1 copy available at scottsboropl.

Holds

  • 0 current holds with 1 total copy.
Show Only Available Copies
Location Call Number / Copy Notes Barcode Shelving Location Status Due Date
scottsboropl J GN Gre 32269000945181 Juvenile - Graphic Novel Available -

LDR 02016cam a22004578i 4500
001137326
003CONS
00520140723125113.0
008131001s2014 mnua j 6 000 1 eng c
020 . ‡a9781434264800 (library binding)
020 . ‡a1434264807 (library binding)
035 . ‡a(CPomAG)LMN566741
05000. ‡aPZ7.7.C64 ‡bTat 2014
08204. ‡a741.5/973 ‡223
1001 . ‡aCohen, Ivan, ‡eauthor.
24510. ‡aTattooed man trouble! / ‡cwritten by Ivan Cohen ; illustrated by Luciano Vecchio ; colored by Gabe Eltaeb ; lettered by Saida Temofonte.
264 1. ‡aNorth Mankato, Minnesota : ‡bCapstone Stone Arch Books, ‡c2014.
300 . ‡a24 pages : ‡bcolor illustrations ; ‡c27 cm.
336 . ‡atext ‡btxt ‡2rdacontent
336 . ‡astill image ‡bsti ‡2rdacontent
337 . ‡aunmediated ‡bn ‡2rdamedia
338 . ‡avolume ‡bnc ‡2rdacarrier
4901 . ‡aGreen Lantern: the animated series ; ‡v4
520 . ‡aAfter Razer is injured in a battle, he reveals that his facial scars are really tattoos, and Hal recounts an adventure from his past when he faced the Tattooed Man.
650 0. ‡aGreen Lantern (Fictitious character) ‡vComic books, strips, etc.
650 0. ‡aSuperheroes ‡vComic books, strips, etc.
650 0. ‡aSupervillains ‡vComic books, strips, etc.
650 0. ‡aTattooing ‡vComic books, strips, etc.
650 0. ‡aGreen Lantern (Fictitious character) ‡vJuvenile fiction.
650 0. ‡aSuperheroes ‡vJuvenile fiction.
650 0. ‡aSupervillains ‡vJuvenile fiction.
650 0. ‡aTattooing ‡vJuvenile fiction.
655 0. ‡aGraphic novels.
7001 . ‡aVecchio, Luciano, ‡eillustrator.
7001 . ‡aEltaeb, Gabe.
7001 . ‡aTemofonte, Saida.
7300 . ‡aGreen Lantern : the animated series (Television program)
830 0. ‡aGreen Lantern: the animated series ; ‡v4
914 . ‡aSCP_jd ‡dLMN_cm
959 . ‡i32269000945181 ‡lJ GN Gre ‡aJuvenile - Graphic Novel ‡tGraphic Novel ‡g16.00
852 . ‡p32269000945181 ‡jJ GN Gre ‡gJuvenile - Graphic Novel ‡cGraphic Novel ‡y16.00 ‡bSBPL
901 . ‡a137326 ‡bUnknown ‡c137326 ‡tbiblio

Additional Resources